[Event "CRO Cup"]
[Site "Mali Losinj"]
[Date "2023.05.11"]
[Round "2.2"]
[White "Pavic, Jakov"]
[Black "Zelcic, Robert"]
[Result "0-1"]
[WhiteElo "2122"]
[BlackElo "2490"]
[PlyCount "106"]
[EventDate "2023.05.10"]
[EventType "team-swiss"]
[EventRounds "6"]
[EventCountry "CRO"]
[SourceTitle "CBM 214 Extra"]
[Source "ChessBase"]
[SourceDate "2023.07.31"]
[SourceVersion "1"]
[SourceVersionDate "2023.07.31"]
[SourceQuality "1"]
[WhiteTeam "Busevec Polet"]
[BlackTeam "Zagreb CC"]
[WhiteTeamCountry "CRO"]
[BlackTeamCountry "CRO"]

1. d4 Nf6 2. c4 e6 3. Nf3 Bb4+ 4. Bd2 c5 5. e3 0-0 6. a3 Bxd2+ 7. Qxd2 cxd4 8. Nxd4 d5 9. Nc3 dxc4 10. Bxc4 a6 11. a4 Qe7 12. 0-0 Rd8 13. Rfd1 Bd7 14. e4 Nc6 15. Qe2 Nxd4 16. Rxd4 Bc6 17. Rad1 Rxd4 18. Rxd4 h6 19. e5 Nd7 20. Rg4 Qc5 21. Ne4 Qxe5 22. Nc3 b5 23. Bb3 Qxe2 24. Nxe2 Nc5 25. Bc2 Nxa4 26. Bxa4 bxa4 27. Nc3 Rb8 28. Nxa4 Bxa4 29. Rxa4 Rxb2 30. Kf1 Rb6 31. Ke2 g5 32. h4 Kg7 33. hxg5 hxg5 34. Ke3 f5 35. Kf3 Kf6 36. g4 Rd6 37. gxf5 exf5 38. Ra5 Kg6 39. Ke3 Rf6 40. Kf3 Kh5 41. Kg3 f4+ 42. Kh3 Rb6 43. Kg2 Kh4 44. Kf3 Rb2 45. Ra4 g4+ 46. Kg2 f3+ 47. Kg1 Kh3 48. Ra1 a5 49. Kf1 g3 50. fxg3 Kxg3 51. Kg1 Rg2+ 52. Kh1 Rh2+ 53. Kg1 f2+ 0-1

[Event "CRO Cup"]
[Site "Mali Losinj"]
[Date "2018.05.20"]
[Round "6.74"]
[White "Pavic, Jakov"]
[Black "Valkovic, Kristian"]
[Result "1-0"]
[WhiteElo "2164"]
[BlackElo "2078"]
[PlyCount "83"]
[EventDate "2018.05.16"]
[EventType "team-swiss"]
[EventRounds "6"]
[EventCountry "CRO"]
[SourceTitle "CBM 184 Extra"]
[Source "ChessBase"]
[SourceDate "2018.06.28"]
[SourceVersion "1"]
[SourceVersionDate "2018.06.28"]
[SourceQuality "1"]
[WhiteTeam "Busevec Polet"]
[BlackTeam "Pula"]
[WhiteTeamCountry "CRO"]
[BlackTeamCountry "CRO"]

1. d4 d5 2. c4 c6 3. cxd5 cxd5 4. Nc3 Nf6 5. Bf4 Qb6 6. Rc1 Nc6 7. e3 a6 8. Qd2 e6 9. Bd3 Bd7 10. Nf3 Rc8 11. 0-0 Bb4 12. a3 Bxc3 13. Rxc3 Ne7 14. Rfc1 Rxc3 15. Rxc3 Bc6 16. Bd6 Qd8 17. Bc5 Ne4 18. Bxe4 dxe4 19. Bxe7 Kxe7 20. Ne5 Qd5 21. Rc5 Qb3 22. Rc3 Qd5 23. Rc4 Rd8 24. Qc2 Rd6 25. b4 Qb5 26. Rc5 Qb6 27. Nc4 Qd8 28. Nxd6 Qxd6 29. a4 Kf6 30. Qb2 Bd5 31. b5 axb5 32. Qxb5 Kg6 33. a5 Qd8 34. Qb6 Qd7 35. h4 f6 36. Qc7 Qa4 37. Qg3+ Kh6 38. Rc7 Qd1+ 39. Kh2 g5 40. hxg5+ fxg5 41. Qh3+ Kg6 42. Qxh7+ 1-0

[Event "CRO Cup"]
[Site "Mali Losinj"]
[Date "2018.05.19"]
[Round "5.84"]
[White "Pavic, Jakov"]
[Black "Bender, Zdenko"]
[Result "1/2-1/2"]
[WhiteElo "2164"]
[BlackElo "2047"]
[PlyCount "129"]
[EventDate "2018.05.16"]
[EventType "team-swiss"]
[EventRounds "6"]
[EventCountry "CRO"]
[SourceTitle "CBM 184 Extra"]
[Source "ChessBase"]
[SourceDate "2018.06.28"]
[SourceVersion "1"]
[SourceVersionDate "2018.06.28"]
[SourceQuality "1"]
[WhiteTeam "Busevec Polet"]
[BlackTeam "Dubrovnik"]
[WhiteTeamCountry "CRO"]
[BlackTeamCountry "CRO"]

1. d4 d5 2. c4 e6 3. Nc3 Be7 4. Nf3 Nf6 5. Bg5 0-0 6. e3 Nbd7 7. Rc1 a6 8. cxd5 exd5 9. Bd3 h6 10. Bh4 c5 11. dxc5 Nxc5 12. Be2 Nce4 13. 0-0 Nxc3 14. bxc3 Ba3 15. Rb1 g5 16. Bg3 b5 17. Qb3 Qe7 18. Be5 Ne4 19. Rbd1 Bb7 20. Bd4 Rac8 21. Ne5 Bd6 22. Ng4 f5 23. Nxh6+ Kh7 24. Nxf5 Rxf5 25. f3 g4 26. fxe4 Bxh2+ 27. Kh1 Rh5 28. Rf5 Rxf5 29. exf5 Qh4 30. Bxg4 Qxg4 31. Kxh2 Rg8 32. Qc2 Bc8 33. Rf1 Rg5 34. Rf4 Qh5+ 35. Kg1 Bxf5 36. Qf2 Kg6 37. Rh4 Qd1+ 38. Kh2 Rh5 39. Qg3+ Qg4 40. Qd6+ Be6 41. Rxh5 Kxh5 42. Qe5+ Qf5 43. Qh8+ Kg5 44. Qg7+ Qg6 45. Qe5+ Qf5 46. Qh8 Qg6 47. Kg1 Qb1+ 48. Kf2 Qf5+ 49. Ke2 Qc2+ 50. Kf3 Qd1+ 51. Kf2 Qd2+ 52. Kg3 Qe1+ 53. Kh2 Qh4+ 54. Qxh4+ Kxh4 55. a3 a5 56. Bb6 a4 57. Kg1 Bf5 58. Kf2 Be4 59. Bc7 Kg4 60. Bd6 Bd3 61. Ke1 Be4 62. Kf2 Bd3 63. g3 Bc4 64. Be5 Bd3 65. Bd4 1/2-1/2

[Event "CRO Cup"]
[Site "Mali Losinj"]
[Date "2017.05.11"]
[Round "3.9"]
[White "Kovac, Hrvoje"]
[Black "Pavic, Jakov"]
[Result "1/2-1/2"]
[WhiteElo "1959"]
[BlackElo "2144"]
[PlyCount "48"]
[EventDate "2017.05.10"]
[EventType "team-swiss"]
[EventRounds "6"]
[EventCountry "CRO"]
[SourceTitle "CBM 178 Extra"]
[Source "ChessBase"]
[SourceDate "2017.06.22"]
[SourceVersion "1"]
[SourceVersionDate "2017.06.22"]
[SourceQuality "1"]
[WhiteTeam "Cakovec Strahininec"]
[BlackTeam "Busevec Polet"]
[WhiteTeamCountry "CRO"]
[BlackTeamCountry "CRO"]

1. b3 e5 2. Bb2 Nc6 3. e3 Nf6 4. Bb5 Bd6 5. Na3 0-0 6. Nc4 a6 7. Nxd6 cxd6 8. Be2 d5 9. Nf3 d6 10. a3 Be6 11. d4 e4 12. Nd2 b5 13. c4 dxc4 14. bxc4 bxc4 15. Nxc4 Bxc4 16. Bxc4 d5 17. Be2 Qa5+ 18. Qd2 Qxd2+ 19. Kxd2 Na5 20. Rab1 Rfc8 21. Bc3 Nc4+ 22. Bxc4 Rxc4 23. f3 Rac8 24. Rhc1 Kf8 1/2-1/2

[Event "CRO Cup"]
[Site "Mali Losinj"]
[Date "2017.05.10"]
[Round "1.1"]
[White "Jankovic, Alojzije"]
[Black "Pavic, Jakov"]
[Result "1-0"]
[WhiteElo "2582"]
[BlackElo "2144"]
[PlyCount "75"]
[EventDate "2017.05.10"]
[EventType "team-swiss"]
[EventRounds "6"]
[EventCountry "CRO"]
[SourceTitle "CBM 178 Extra"]
[Source "ChessBase"]
[SourceDate "2017.06.22"]
[SourceVersion "1"]
[SourceVersionDate "2017.06.22"]
[SourceQuality "1"]
[WhiteTeam "Zagreb Zagreb"]
[BlackTeam "Busevec Polet"]
[WhiteTeamCountry "CRO"]
[BlackTeamCountry "CRO"]

1. d4 Nf6 2. c4 e6 3. Nc3 d5 4. Bf4 c5 5. Nf3 cxd4 6. Nxd4 a6 7. e3 Be7 8. Be2 0-0 9. 0-0 Nbd7 10. Bg3 dxc4 11. Bxc4 Nb6 12. Bb3 Nbd5 13. Nxd5 Nxd5 14. Qf3 Bd6 15. Rfd1 Bxg3 16. Qxg3 Bd7 17. e4 Nf6 18. e5 Nd5 19. Nf5 exf5 20. Bxd5 Qb6 21. Bb3 Rad8 22. Rd6 Qa5 23. Rad1 Be6 24. Bxe6 fxe6 25. Qb3 Rfe8 26. Rxd8 Rxd8 27. Qxe6+ Kh8 28. Rxd8+ Qxd8 29. g3 f4 30. gxf4 h6 31. Qd6 Qa5 32. e6 Qe1+ 33. Kg2 Qe4+ 34. Kg3 h5 35. e7 Qe2 36. h3 Kh7 37. Qe5 h4+ 38. Kg2 1-0

[Event "CRO-chT2 Center 25th"]
[Site "Croatia"]
[Date "2016.04.10"]
[Round "4.46"]
[White "Blaga, Marijan"]
[Black "Pavic, Jakov"]
[Result "1/2-1/2"]
[WhiteElo "2031"]
[BlackElo "2125"]
[PlyCount "20"]
[EventDate "2016.03.13"]
[EventType "team-tourn"]
[EventRounds "11"]
[EventCountry "CRO"]
[SourceTitle "EXT 2019"]
[Source "ChessBase"]
[SourceDate "2018.10.10"]
[SourceVersion "1"]
[SourceVersionDate "2018.10.10"]
[SourceQuality "1"]

1. d4 f5 2. e3 Nf6 3. c4 e6 4. Nc3 Be7 5. Nf3 0-0 6. Bd3 d6 7. 0-0 Qe8 8. b3 a6 9. Bb2 Nc6 10. a3 e5 1/2-1/2

[Event "CRO-chT2 Center"]
[Site "Croatia"]
[Date "2015.03.22"]
[Round "2.25"]
[White "Machata, Martin"]
[Black "Pavic, Jakov"]
[Result "1-0"]
[WhiteElo "2260"]
[BlackElo "2164"]
[PlyCount "101"]
[EventDate "2015.03.22"]
[EventType "team-tourn"]
[EventRounds "11"]
[EventCountry "CRO"]
[SourceTitle "EXT 2016"]
[Source "ChessBase"]
[SourceDate "2015.10.08"]
[SourceVersion "1"]
[SourceVersionDate "2015.10.08"]
[SourceQuality "1"]

1. d4 Nf6 2. Bg5 c5 3. d5 d6 4. Nc3 g6 5. e4 Bg7 6. Qd2 a6 7. Bh6 Bxh6 8. Qxh6 Qa5 9. 0-0-0 b5 10. f3 b4 11. Nb1 Nbd7 12. a3 Rb8 13. Qe3 0-0 14. h4 bxa3 15. Qxa3 Qxa3 16. Nxa3 Nh5 17. Ne2 f5 18. exf5 gxf5 19. g4 fxg4 20. fxg4 Nf4 21. Nc4 Nb6 22. Nxf4 Rxf4 23. Nxb6 Rxb6 24. Re1 Bxg4 25. Rxe7 Bf5 26. Be2 Kf8 27. Ra7 Be4 28. Rf1 Rxf1+ 29. Bxf1 h6 30. Bc4 Ke8 31. c3 a5 32. Rxa5 Kf7 33. Ra8 Kg6 34. Re8 Bf3 35. Rf8 Bg4 36. Bd3+ Kh5 37. Rf6 Kxh4 38. Rxh6+ Kg5 39. Rg6+ Kf4 40. Kc2 c4 41. Rxg4+ Kxg4 42. Bxc4 Kf4 43. b4 Ke4 44. Kb3 Ke3 45. b5 Kd2 46. Kb4 Rb8 47. Bf1 Rf8 48. Bh3 Rf3 49. Bd7 Rxc3 50. b6 Kc2 51. Ba4+ 1-0

[Event "CRO-chT"]
[Site "Bol"]
[Date "2014.05.17"]
[Round "5.10"]
[White "Lacmanovic, Stipe"]
[Black "Pavic, Jakov"]
[Result "1/2-1/2"]
[WhiteElo "2060"]
[BlackElo "2144"]
[PlyCount "71"]
[EventDate "2014.05.14"]
[EventType "team-swiss"]
[EventRounds "6"]
[EventCountry "CRO"]
[SourceTitle "CBM 160 Extra"]
[Source "ChessBase"]
[SourceDate "2014.07.01"]
[SourceVersion "1"]
[SourceVersionDate "2014.07.01"]
[SourceQuality "1"]
[WhiteTeam "Sibenik"]
[BlackTeam "Busevec Polet"]
[WhiteTeamCountry "CRO"]
[BlackTeamCountry "CRO"]

1. e4 e6 2. d4 d5 3. exd5 exd5 4. Bd3 Nc6 5. c3 Bd6 6. Nf3 Qe7+ 7. Qe2 Qxe2+ 8. Bxe2 h6 9. Bd3 Bg4 10. Nbd2 0-0-0 11. 0-0 Nge7 12. Re1 Rde8 13. h3 Bh5 14. Nf1 Bxf3 15. gxf3 Ng6 16. Rxe8+ Rxe8 17. Bxg6 fxg6 18. Bd2 Kd7 19. Re1 Rxe1 20. Bxe1 Ke6 21. Bd2 g5 22. Ne3 Ne7 23. Kf1 Ng6 24. Ng2 Nh4 25. Ne1 Kf5 26. Ke2 Bf4 27. Be3 Ng6 28. Nd3 Bd6 29. Kf1 Nf4 30. Bxf4 Bxf4 31. Ke2 h5 32. Ne1 g4 33. fxg4+ hxg4 34. hxg4+ Kxg4 35. Nd3 Bd6 36. Ke3 1/2-1/2

[Event "CRO-chT"]
[Site "Bol"]
[Date "2014.05.15"]
[Round "2.7"]
[White "Pavic, Jakov"]
[Black "Sasvari, Zelimir"]
[Result "1/2-1/2"]
[WhiteElo "2144"]
[BlackElo "2205"]
[PlyCount "196"]
[EventDate "2014.05.14"]
[EventType "team-swiss"]
[EventRounds "6"]
[EventCountry "CRO"]
[SourceTitle "CBM 160 Extra"]
[Source "ChessBase"]
[SourceDate "2014.07.01"]
[SourceVersion "1"]
[SourceVersionDate "2014.07.01"]
[SourceQuality "1"]
[WhiteTeam "Busevec Polet"]
[BlackTeam "Osijek"]
[WhiteTeamCountry "CRO"]
[BlackTeamCountry "CRO"]

1. d4 c5 2. d5 e5 3. e4 a6 4. a4 d6 5. Nc3 Be7 6. h3 f5 7. exf5 Bxf5 8. Bd3 Bxd3 9. Qxd3 Bg5 10. Bxg5 Qxg5 11. Nf3 Qe7 12. 0-0 Nh6 13. Ne4 Nf7 14. Rfb1 Nd7 15. b4 Rc8 16. b5 a5 17. b6 0-0 18. Rb5 Ra8 19. Qd2 h6 20. Rab1 Ra6 21. Rxa5 Rxb6 22. Rab5 Rxb5 23. Rxb5 Nd8 24. Qe3 Nf6 25. Nxf6+ Rxf6 26. Nd2 Qf7 27. Ne4 Rf4 28. Nxd6 Qxd5 29. Qb3 Rd4 30. Qxd5+ Rxd5 31. Nxb7 Nxb7 32. Rxb7 Rd1+ 33. Kh2 Rd2 34. Rb2 Rxf2 35. a5 Rf7 36. a6 Ra7 37. Rb6 Kh7 38. Kg3 Rf7 39. Re6 Rf4 40. Rxe5 Ra4 41. a7 Rxa7 42. Rxc5 Kg6 43. c4 Ra2 44. Rd5 Rc2 45. c5 Kf6 46. Kf3 Ke6 47. Rh5 Kf7 48. g4 g5 49. Rxh6 Rxc5 50. Ke4 Rc4+ 51. Ke5 Rc5+ 52. Kd4 Ra5 53. Rc6 Ra3 54. Ke5 Rf3 55. Rh6 Kg7 56. Rd6 Kf7 57. Rb6 Kg7 58. Ke4 Rf4+ 59. Ke5 Rf3 60. Rd6 Kf7 61. Ke4 Rf4+ 62. Ke3 Ra4 63. Rd4 Ra6 64. Ke4 Kf6 65. Rb4 Re6+ 66. Kd5 Re5+ 67. Kd4 Re6 68. Rb5 Ra6 69. Ke4 Re6+ 70. Kf3 Ra6 71. Rf5+ Kg6 72. Kg3 Ra1 73. Rf2 Rg1+ 74. Rg2 Ra1 75. Rb2 Ra3+ 76. Kg2 Kg7 77. Rf2 Ra1 78. Kg3 Rg1+ 79. Kf3 Ra1 80. Rd2 Ra4 81. Rd3 Kf6 82. Re3 Ra2 83. Kg3 Ra1 84. Rf3+ Kg6 85. Rd3 Rf1 86. Rd6+ Kg7 87. Ra6 Kf7 88. Kg2 Rb1 89. h4 Rb2+ 90. Kf3 gxh4 91. Rh6 Rb3+ 92. Kf4 Kg7 93. Rxh4 Rb4+ 94. Ke5 Rb5+ 95. Kd4 Rb4+ 96. Kc3 Ra4 97. Kb3 Rf4 98. Ka3 Kg6 1/2-1/2

[Event "Velika Gorica op 11th"]
[Site "Velika Gorica"]
[Date "2013.08.28"]
[Round "8"]
[White "Nemec, Vjekoslav"]
[Black "Pavic, Jakov"]
[Result "0-1"]
[WhiteElo "2038"]
[BlackElo "2119"]
[PlyCount "74"]
[EventDate "2013.08.19"]
[EventType "swiss"]
[EventRounds "9"]
[EventCountry "CRO"]
[SourceTitle "CBM 156 Extra"]
[Source "ChessBase"]
[SourceDate "2013.10.22"]
[SourceVersion "1"]
[SourceVersionDate "2013.10.22"]
[SourceQuality "1"]

1. e4 e6 2. d4 d5 3. Nc3 Nf6 4. e5 Nfd7 5. f4 c5 6. Nf3 Nc6 7. Be3 Qb6 8. Na4 Qa5+ 9. c3 cxd4 10. b4 Nxb4 11. cxb4 Bxb4+ 12. Bd2 Bxd2+ 13. Nxd2 0-0 14. Bd3 b5 15. Nb2 Nb6 16. 0-0 Nc4 17. Nbxc4 bxc4 18. Bxh7+ Kxh7 19. Qh5+ Kg8 20. Nf3 g6 21. Qh6 Qc7 22. f5 f6 23. fxg6 Qg7 24. Qh5 Qh8 25. Qg4 Qh6 26. exf6 e5 27. f7+ Kg7 28. Qg3 Qe3+ 29. Kh1 Qf4 30. Nxe5 Qxg3 31. hxg3 d3 32. Rf4 d2 33. Kg1 c3 34. Kf2 c2 35. Rh1 Bh3 36. Rxh3 Rh8 37. f8Q+ Raxf8 0-1

[Event "Velika Gorica op 10th"]
[Site "Velika Gorica"]
[Date "2012.08.24"]
[Round "5"]
[White "Loncar, Robert"]
[Black "Pavic, Jakov"]
[Result "1-0"]
[WhiteElo "2389"]
[BlackElo "2099"]
[PlyCount "71"]
[EventDate "2012.08.20"]
[EventType "swiss"]
[EventRounds "9"]
[EventCountry "CRO"]
[SourceTitle "CBM 150 Extra"]
[Source "ChessBase"]
[SourceDate "2012.10.19"]
[SourceVersion "1"]
[SourceVersionDate "2012.10.19"]
[SourceQuality "1"]

1. d4 Nf6 2. c4 c5 3. d5 e6 4. Nc3 exd5 5. cxd5 d6 6. e4 g6 7. Bd3 Bg7 8. h3 0-0 9. Nf3 b5 10. 0-0 a6 11. Be3 Nbd7 12. a3 Bb7 13. Qd2 Re8 14. Rfe1 Rc8 15. Rad1 Qb6 16. Bh6 Bh8 17. Bf4 Nh5 18. Be3 Ne5 19. Nxe5 Rxe5 20. b4 Qd8 21. Rc1 Re8 22. Ne2 Qe7 23. Bb1 Nf6 24. bxc5 dxc5 25. Ng3 Nd7 26. f4 Qd6 27. Qf2 c4 28. e5 Qxa3 29. Rcd1 Nxe5 30. fxe5 Bxe5 31. Nf5 gxf5 32. Qxf5 Bg7 33. Qxh7+ Kf8 34. Bh6 Rxe1+ 35. Rxe1 Qc5+ 36. Kh1 1-0

[Event "Velika Gorica op 10th"]
[Site "Velika Gorica"]
[Date "2012.08.23"]
[Round "4"]
[White "Makaj, Marko"]
[Black "Pavic, Jakov"]
[Result "0-1"]
[WhiteElo "2355"]
[BlackElo "2099"]
[PlyCount "118"]
[EventDate "2012.08.20"]
[EventType "swiss"]
[EventRounds "9"]
[EventCountry "CRO"]
[SourceTitle "CBM 150 Extra"]
[Source "ChessBase"]
[SourceDate "2012.10.19"]
[SourceVersion "1"]
[SourceVersionDate "2012.10.19"]
[SourceQuality "1"]

1. e4 e6 2. d3 d5 3. Nd2 Nf6 4. Ngf3 b6 5. e5 Nfd7 6. d4 c5 7. c3 Nc6 8. Bb5 Bb7 9. 0-0 Be7 10. Re1 0-0 11. Nf1 a6 12. Bd3 cxd4 13. cxd4 Rc8 14. a3 Na5 15. N3d2 Re8 16. Qh5 Nf8 17. Re3 f5 18. exf6 Bxf6 19. Rh3 g6 20. Qg4 Nc6 21. Nf3 e5 22. dxe5 Nxe5 23. Nxe5 Bxe5 24. Ne3 Bg7 25. Bd2 Qd7 26. Qb4 b5 27. Ng4 d4 28. Nh6+ Kh8 29. a4 Be4 30. axb5 Bxd3 31. Rxd3 axb5 32. h3 Ne6 33. Re1 Rc4 34. Qd6 Nc5 35. Rxe8+ Qxe8 36. Rf3 Rc1+ 37. Bxc1 Qe1+ 38. Kh2 Be5+ 39. Qxe5+ Qxe5+ 40. Bf4 Qd5 41. Bg5 Kg7 42. Rf7+ Qxf7 43. Nxf7 Kxf7 44. Kg1 Nd3 45. g3 Nc5 46. b4 Nd3 47. Bd2 Ke6 48. Kf1 Kd5 49. Ke2 Kc4 50. f4 Nxb4 51. g4 Nd5 52. f5 gxf5 53. gxf5 b4 54. Bg5 b3 55. Kd2 Nc3 56. Kc1 Ne4 57. h4 Kc3 58. f6 b2+ 59. Kb1 Kb3 0-1

[Event "CRO-chT3 Center-A"]
[Site "Zagreb"]
[Date "2011.03.13"]
[Round "1.34"]
[White "Vukic, Aleksandar"]
[Black "Pavic, Jakov"]
[Result "1-0"]
[WhiteElo "2141"]
[BlackElo "2115"]
[PlyCount "83"]
[EventDate "2011.03.13"]
[EventType "team-tourn"]
[EventRounds "11"]
[EventCountry "CRO"]
[SourceTitle "EXT 2014"]
[Source "ChessBase"]
[SourceDate "2013.11.20"]
[SourceVersion "1"]
[SourceVersionDate "2013.11.20"]
[SourceQuality "1"]

1. Nf3 Nf6 2. c4 g6 3. Nc3 d5 4. d4 Bg7 5. Bg5 c6 6. e3 0-0 7. Qb3 e6 8. Be2 Nbd7 9. 0-0 Qa5 10. Bf4 Re8 11. h3 a6 12. c5 Nh5 13. Bd6 e5 14. Rae1 Qd8 15. g4 exd4 16. exd4 Nhf6 17. Bd3 b6 18. g5 Rxe1 19. Rxe1 Ne8 20. Nxd5 cxd5 21. Qxd5 Nxd6 22. Qxa8 bxc5 23. Bxa6 Nb6 24. Qb8 Bxd4 25. Bxc8 Nbxc8 26. b4 Qd7 27. bxc5 Bxc5 28. Kg2 Ba7 29. Qa8 Kg7 30. Qd5 Qf5 31. Rd1 Qf4 32. Qe5+ Qxe5 33. Nxe5 f6 34. Nc4 Bb8 35. Nxd6 Bxd6 36. h4 fxg5 37. hxg5 h6 38. gxh6+ Kxh6 39. Kf3 g5 40. Ke4 Kh5 41. Kd5 Kg4 42. Rc1 1-0

[Event "CRO-chT3"]
[Site "Zagreb"]
[Date "2009.04.19"]
[Round "5"]
[White "Brigljevic, Milan"]
[Black "Pavic, Jakov"]
[Result "1-0"]
[WhiteElo "2294"]
[BlackElo "2107"]
[PlyCount "93"]
[EventDate "2009.03.08"]
[EventType "team-tourn"]
[EventRounds "9"]
[EventCountry "CRO"]
[SourceTitle "EXT 2011"]
[Source "ChessBase"]
[SourceDate "2010.11.26"]
[SourceVersion "1"]
[SourceVersionDate "2010.11.26"]
[SourceQuality "1"]

1. Nf3 Nf6 2. g3 g6 3. Bg2 Bg7 4. 0-0 0-0 5. d3 c5 6. Nbd2 Nc6 7. e4 d6 8. a4 Rb8 9. Nc4 b6 10. e5 Nh5 11. Re1 Qc7 12. exd6 exd6 13. Ne3 Be6 14. Ng5 Rbe8 15. Nxe6 fxe6 16. Ng4 Nd4 17. c3 Nf5 18. Qb3 Qd7 19. Qb5 Qf7 20. a5 bxa5 21. Qxa5 Nf6 22. Nxf6+ Qxf6 23. Re2 Re7 24. Ra4 g5 25. Rg4 h6 26. Bd2 Kh8 27. b4 cxb4 28. Rxb4 Qg6 29. Qa2 d5 30. Qb1 Rc7 31. Rb8 Rcf7 32. Rxf8+ Rxf8 33. d4 Qf7 34. Qe1 Nd6 35. f4 gxf4 36. Bxf4 Nb5 37. Bh3 Qh5 38. Bf1 Qf7 39. Re3 Qd7 40. Rxe6 Nxc3 41. Re7 Bxd4+ 42. Kg2 Qf5 43. Bd3 Ne4 44. Bxe4 dxe4 45. Qxe4 Bb6 46. Be5+ Kg8 47. Rg7+ 1-0

[Event "CRO-chT3"]
[Site "Zagreb"]
[Date "2009.03.08"]
[Round "1"]
[White "Bacurin, Juraj"]
[Black "Pavic, Jakov"]
[Result "0-1"]
[WhiteElo "2115"]
[BlackElo "2107"]
[PlyCount "104"]
[EventDate "2009.03.08"]
[EventType "team-tourn"]
[EventRounds "9"]
[EventCountry "CRO"]
[SourceTitle "EXT 2011"]
[Source "ChessBase"]
[SourceDate "2010.11.26"]
[SourceVersion "1"]
[SourceVersionDate "2010.11.26"]
[SourceQuality "1"]

1. e4 e6 2. d4 d5 3. Nc3 Nf6 4. Bg5 dxe4 5. Nxe4 Be7 6. Bxf6 gxf6 7. Nf3 a6 8. Bd3 f5 9. Ng3 c5 10. dxc5 Qa5+ 11. c3 Qxc5 12. Qe2 Nc6 13. 0-0 0-0 14. Rad1 Bf6 15. Rd2 Ne7 16. Rfd1 b5 17. Bb1 Bb7 18. Nh5 Bh8 19. Rd7 Bxf3 20. Qxf3 Ng6 21. g4 fxg4 22. Qxg4 Be5 23. h4 Qc4 24. R1d4 Bxd4 25. Rxd4 f5 26. Qg2 Qe2 27. Nf4 Qg4 28. Qxg4 fxg4 29. Nxg6 hxg6 30. Bxg6 Rf6 31. Rxg4 Raf8 32. f3 Kh8 33. Be4 Rg8 34. Rg5 Rf4 35. Rxg8+ Kxg8 36. h5 Rh4 37. Bg6 Kg7 38. Kg2 Kf6 39. b3 Kg5 40. Bf7 Kf6 41. Be8 Ke5 42. Kg3 Rh1 43. Kg2 Rc1 44. h6 Kf6 45. h7 Kg7 46. Bg6 Rxc3 47. Kf2 Rc1 48. Ke2 Ra1 49. Kd2 Rxa2+ 50. Kc3 Rh2 51. Be4 a5 52. Kd4 a4 0-1

[Event "CRO-chT3"]
[Site "Zagreb"]
[Date "2008.10.05"]
[Round "7"]
[White "Pavic, Jakov"]
[Black "Stojkovic, Josip"]
[Result "0-1"]
[WhiteElo "2111"]
[BlackElo "2198"]
[PlyCount "80"]
[EventDate "2008.03.30"]
[EventType "team-tourn"]
[EventRounds "9"]
[EventCountry "CRO"]
[SourceTitle "EXT 2011"]
[Source "ChessBase"]
[SourceDate "2010.11.26"]
[SourceVersion "1"]
[SourceVersionDate "2010.11.26"]
[SourceQuality "1"]

1. d4 Nf6 2. c4 g6 3. Nc3 Bg7 4. e4 d6 5. f4 c5 6. d5 0-0 7. Be2 e6 8. Nf3 exd5 9. cxd5 Re8 10. Nd2 Bd7 11. 0-0 Na6 12. Rb1 c4 13. e5 dxe5 14. fxe5 Rxe5 15. Nxc4 Re8 16. Bf4 Ne4 17. Nxe4 Rxe4 18. Bd3 Rd4 19. Qf3 Rxd3 20. Qxd3 Bf5 21. Qf3 Bxb1 22. Rxb1 Rc8 23. b3 b5 24. Ne5 Rc2 25. Rf1 f5 26. Nc6 Qd7 27. Re1 Rc3 28. Re3 Rc1+ 29. Kf2 Nc5 30. Re7 Rc2+ 31. Kg3 Qc8 32. Rxa7 Bf6 33. Rc7 Qe8 34. d6 Ne4+ 35. Kh3 g5 36. g4 h5 37. Ne7+ Bxe7 38. Rxc2 hxg4+ 39. Qxg4 fxg4+ 40. Kxg4 gxf4 0-1

[Event "CRO-chT3"]
[Site "Zagreb"]
[Date "2008.05.04"]
[Round "6"]
[White "Zlomislic, Vinko"]
[Black "Pavic, Jakov"]
[Result "1-0"]
[WhiteElo "2096"]
[BlackElo "2111"]
[PlyCount "69"]
[EventDate "2008.03.30"]
[EventType "team-tourn"]
[EventRounds "9"]
[EventCountry "CRO"]
[SourceTitle "EXT 2011"]
[Source "ChessBase"]
[SourceDate "2010.11.26"]
[SourceVersion "1"]
[SourceVersionDate "2010.11.26"]
[SourceQuality "1"]

1. d4 Nf6 2. c4 c5 3. d5 e6 4. Nc3 exd5 5. cxd5 d6 6. Nf3 g6 7. Bg5 Bg7 8. e3 0-0 9. Nd2 a6 10. a4 Nbd7 11. Be2 Rb8 12. Nc4 Nb6 13. Nxd6 Ra8 14. Nxc8 Qxc8 15. e4 Re8 16. Qc2 Ng4 17. a5 Nxf2 18. Kxf2 Bd4+ 19. Be3 Nd7 20. Qd2 Bxe3+ 21. Qxe3 f5 22. Rhf1 f4 23. Qh3 Qc7 24. d6 Qd8 25. Kg1 Ne5 26. Rxf4 Qxd6 27. Nd5 Rf8 28. Raf1 Rxf4 29. Rxf4 Rf8 30. Rxf8+ Qxf8 31. Qe6+ Nf7 32. Bc4 Kg7 33. Qf6+ Kh6 34. Ne3 Qe8 35. Nf5+ 1-0

[Event "CRO-chT3"]
[Site "Zagreb"]
[Date "2008.03.30"]
[Round "1"]
[White "Pavic, Jakov"]
[Black "Starcevic, Kresimir"]
[Result "1-0"]
[WhiteElo "2111"]
[BlackElo "2092"]
[PlyCount "85"]
[EventDate "2008.03.30"]
[EventType "team-tourn"]
[EventRounds "9"]
[EventCountry "CRO"]
[SourceTitle "EXT 2011"]
[Source "ChessBase"]
[SourceDate "2010.11.26"]
[SourceVersion "1"]
[SourceVersionDate "2010.11.26"]
[SourceQuality "1"]

1. d4 Nf6 2. Nf3 c5 3. d5 b5 4. Bg5 Ne4 5. Qd3 Nxg5 6. Nxg5 Qa5+ 7. c3 h6 8. Nf3 d6 9. Nbd2 g6 10. e4 a6 11. Be2 Bg7 12. 0-0 0-0 13. a4 bxa4 14. Nc4 Qc7 15. Rxa4 Bd7 16. Ra5 Bb5 17. Rfa1 Nd7 18. Nfd2 Qb7 19. Qe3 Kh7 20. Bd3 Rab8 21. h4 h5 22. R1a2 Qc7 23. Nf3 Bh6 24. Ng5+ Kg8 25. Qg3 Bxc4 26. Bxc4 Ne5 27. Be2 Bg7 28. f4 Rxb2 29. fxe5 Bxe5 30. Qe1 Rb3 31. Rxa6 Bxc3 32. Qf1 Bd4+ 33. Kh1 Rb4 34. Ra7 Rb7 35. Ra8 Rbb8 36. R2a7 Qd8 37. Rxb8 Qxb8 38. Rxe7 f5 39. Ne6 Bf6 40. Nxf8 Qxf8 41. Re6 Bd4 42. Rxg6+ Kh7 43. Qxf5 1-0

[Event "Velika Gorica op 5th"]
[Site "Velika Gorica"]
[Date "2005.08.26"]
[Round "8"]
[White "Stefan, Kresimir"]
[Black "Pavic, Jakov"]
[Result "1-0"]
[WhiteElo "2224"]
[BlackElo "2067"]
[PlyCount "59"]
[EventDate "2005.08.20"]
[EventType "swiss"]
[EventRounds "9"]
[EventCountry "CRO"]
[SourceTitle "CBM 108 Extra"]
[Source "ChessBase"]
[SourceDate "2005.11.04"]
[SourceVersion "1"]
[SourceVersionDate "2005.11.04"]
[SourceQuality "1"]

1. c4 f5 2. g3 Nf6 3. Bg2 e6 4. b3 Be7 5. Bb2 c5 6. Nf3 Nc6 7. 0-0 0-0 8. Nc3 d6 9. d3 d5 10. cxd5 exd5 11. d4 b6 12. Rc1 Nxd4 13. Nxd4 cxd4 14. Qxd4 Bc5 15. Bxd5+ Nxd5 16. Qxd5+ Qxd5 17. Nxd5 Bb7 18. Nf4 Rfe8 19. Rfe1 Rad8 20. Bc3 Ba3 21. Rcd1 Kf7 22. h4 g6 23. Kf1 h6 24. f3 g5 25. hxg5 hxg5 26. Rxd8 Rxd8 27. Nd3 Bd6 28. Be5 Ba3 29. Rd1 Kg6 30. Nf4+ 1-0